=LDR 00000nam 2200000 4500 =001 INLIS000000000018555 =005 20130612113727 =008 ***********************************Ind** =035 ##$$0010-061300000018555 =041 ##$$a Ind =082 ##$$a R.103 =090 ##$$a R.103, Sud k =100 ##$$a Sudarsono =245 ##$$a Kamus filsafat dan psikologi, oleh Drs. Sudarsono SH =260 ##$$a 1993 $b Jakarta =300 ##$$a vii, 278 hlm, 23 cm =650 ##$$a Kamus Filsafat =850 ##$$a NBPNMAT